Statistics for K Vocabulary Words Quiz #2

Click here to take the quiz!

General Stats

  • This quiz has been taken 50,123 times
    (24,543 since last reset)
  • The average score is 14 of 20

Answer Stats

DefinitionWord% Correct
Australian animal that eats eucalyptusKoala
96%
To abduct a personKidnap
95%
Medieval warrior Knight
94%
Organ that filters bloodKidney
93%
Turkish dish of skewered meatKebab
90%
Martial art developed in OkinawaKarate
85%
Type of canoeKayak
84%
Beer storage containerKeg
84%
Measure of temperature based
on absolute zero
Kelvin
83%
British word for women's underwearKnickers
78%
Dull yellow-brown color often used
in military uniforms
Khaki
71%
Synthetic fiber used in bulletproof vestsKevlar
70%
10th Greek letterKappa
69%
Small pieces of wood, used to light a fireKindling
69%
Yiddish word for a clumsy personKlutz
66%
Ornamental carpKoi
65%
Another word for Jack, in cardsKnave
46%
Baseball pitch with no spinKnuckleball
41%
Type of Japanese theaterKabuki
36%
SharpKeen
33%

Score Distribution

Percentile by Number Answered

Percent of People with Each Score

Your Score History

You have not taken this quiz since the last reset